[Event "EU-ch U18 Girls"]
[Site "Batumi"]
[Date "2010.09.21"]
[Round "2"]
[White "Anusca, Madalina Maria"]
[Black "Asan, Elvan"]
[Result "1-0"]
[WhiteElo "2009"]
[BlackElo "1817"]
[PlyCount "77"]
[EventDate "2010.09.20"]
[EventType "swiss"]
[EventRounds "9"]
[EventCountry "GEO"]
[SourceTitle "CBM 138 Extra"]
[Source "ChessBase"]
[SourceDate "2010.10.29"]
[SourceVersion "1"]
[SourceVersionDate "2010.10.29"]
[SourceQuality "1"]

1. d4 f5 2. c4 Nf6 3. Nc3 e6 4. g3 d5 5. Bg2 c6 6. Nf3 Bd6 7. c5 Bc7 8. Bf4 Bxf4 9. gxf4 Ne4 10. Rc1 0-0 11. b4 Bd7 12. h4 h6 13. Ne5 Be8 14. Bxe4 fxe4 15. e3 Rf5 16. h5 Nd7 17. Nxd7 Qxd7 18. Qg4 a5 19. a3 axb4 20. axb4 Ra3 21. Ne2 Rb3 22. Ng3 Rf6 23. Kd2 Rxb4 24. Rb1 Rxb1 25. Rxb1 Qc8 26. Qd1 Qa8 27. Ra1 Qb8 28. Qb3 Rf7 29. Ra5 Re7 30. Qa3 Qc7 31. Ra8 Kf7 32. Qa7 Kf6 33. Rb8 Bf7 34. Qa8 Qd7 35. Rd8 Qc7 36. Rc8 Qd7 37. Qb8 Re8 38. Qe5+ Ke7 39. Nf5+ 1-0

[Event "EU-ch U18 Girls"]
[Site "Batumi"]
[Date "2010.09.20"]
[Round "1"]
[White "Asan, Elvan"]
[Black "Fur, Katinka"]
[Result "0-1"]
[WhiteElo "1817"]
[BlackElo "2019"]
[PlyCount "84"]
[EventDate "2010.09.20"]
[EventType "swiss"]
[EventRounds "9"]
[EventCountry "GEO"]
[SourceTitle "CBM 138 Extra"]
[Source "ChessBase"]
[SourceDate "2010.10.29"]
[SourceVersion "1"]
[SourceVersionDate "2010.10.29"]
[SourceQuality "1"]

1. e4 e6 2. d3 d5 3. Nd2 c5 4. Ngf3 Nc6 5. g3 Nf6 6. Bg2 Be7 7. 0-0 Qc7 8. Re1 0-0 9. e5 Nd7 10. Qe2 a6 11. Nf1 b5 12. h4 Re8 13. Bf4 Qb6 14. Bh3 c4 15. c3 cxd3 16. Qxd3 Na5 17. Bg5 Nc5 18. Qd4 Nc6 19. Qe3 Bf8 20. h5 h6 21. Bf4 Na4 22. Qd2 b4 23. Qc2 Nc5 24. Be3 Qb5 25. N1h2 Nd3 26. Re2 bxc3 27. bxc3 Rb8 28. Rd1 Nc5 29. g4 Ne4 30. Rde1 Qc4 31. Bd2 Ba3 32. Bf1 Rb2 33. Qd1 Qxa2 34. Qa1 Qxa1 35. Rxa1 Bc5 36. Be1 Rb6 37. Rea2 a5 38. c4 Bb4 39. Bd3 Nc5 40. Be2 Bd7 41. Kf1 Reb8 42. Bd1 Ne4 0-1

[Event "World School-ch U17 Girls 6th"]
[Site "Kayseri"]
[Date "2010.07.29"]
[Round "10"]
[White "Abeywardena, NT."]
[Black "Asan, Elvan"]
[Result "1/2-1/2"]
[WhiteElo "1702"]
[BlackElo "1808"]
[PlyCount "44"]
[EventDate "2010.07.21"]
[EventType "tourn"]
[EventRounds "11"]
[EventCountry "TUR"]
[SourceTitle "CBM 137 Extra"]
[Source "ChessBase"]
[SourceDate "2010.09.01"]
[SourceVersion "1"]
[SourceVersionDate "2010.09.01"]
[SourceQuality "1"]

1. d4 Nf6 2. c4 e6 3. Nc3 d5 4. Bg5 Be7 5. e3 Nbd7 6. Nf3 0-0 7. Qc2 h6 8. Bf4 c6 9. cxd5 exd5 10. Bd3 Re8 11. 0-0 Nf8 12. Rab1 Ne6 13. Bg3 b6 14. Ne5 Bb7 15. b4 Bd6 16. a4 Qe7 17. Na2 Rac8 18. Rfc1 Ng5 19. Bf4 Ne6 20. Bg3 Ng5 21. Bf4 Ne6 22. Bg3 Ng5 1/2-1/2